000 00642nam a22002297a 4500
003 UA-OsUOA
001 95620
007 ta
008 20130305b un ||||| |||| 00| 0 ukr d
100 _aКогинов Ю.
090 _a821.161.1
_bК57
942 _cBK
040 _aUA-OsUOA
_brus
_cUA-OsUOA
_dUA-OsUOA
245 _aНедаром вышел рано
_bповесть об Игнатии Фокине
300 _a331 с.
955 _a3
041 _arus
080 _a821.161.1
260 _aМ.
_bПолитиздат
_c1988
650 7 _a82 Література. Літературознавство
_2UDC
999 _c381870
_d381870